000 01455nam a22003737a 4500
003 CHAP
005 20220329133621.0
008 971013s1991 r 00010 d
010 _a8610
011 _a9582
035 _a8817
040 _cCHAP
082 _a634.9616
_bM4
100 0 0 _aMerino Merino, Domingo.
_974983
245 _aCortavientos en agricultura
260 _aMadrid :
_bMundi-Prensa,
_c1991
300 _a80 p.
_b: ilus.
490 _aAgroguĂ­as Mundi-Prensa
590 _aBATCH-UPD
_b10
_c20130110
_lUCH01
_h0046
590 _aBATCH-UPD
_b10
_c20130110
_lUCH01
_h1923
590 _aBATCH-UPD
_b10
_c20130410
_lUCH01
_h1249
590 _aCONVERSION
_b10
_c20130109
_lUCH01
_h1306
650 1 4 _aCortina rompevientos.
_928313
650 1 4 _aVientos
_xEfecto en plantas.
_9119292
830 0 _aAgroguias Mundi-Prensa
_92183
901 _aBK
942 _cLIBRO
949 _a634.9616 M4
_bBC
_cLIBRO
_d33724000236170
_eLIBRO
_fc.2
_gI.c/e
_h83553
_i8817
_si
_t65.00
949 _a634.9616 M4
_bBC
_cLIBRO
_d33724000236188
_eLIBRO
_fc.3
_gI.c/e
_h83554
_i8817
_si
_t65.00
949 _a634.9616 M4
_bBC
_cLIBRO
_d33724000237608
_eLIBRO
_gI.c/e
_h83552
_i8817
_si
_t65.00
949 _a634.9616 M4
_bBC
_cLIBRO
_d33724000961512
_eLIBRO
_fc.4
_gI.c/e
_h106896
_i8817
_sb
_t$210.00
949 _a634.9616 M4
_bBC
_cLIBRO
_d33724000961520
_eLIBRO
_fc.5
_gI.c/e
_h106897
_i8817
_sb
_t$210.00
949 _a634.9616 M4
_bBC
_cLIBRO
_d33724000961538
_eLIBRO
_fc.6
_gI.c/e
_h106898
_i8817
_si
_t$210.00
999 _c8610
_d8610